000
00290 a2200121 4500
003
Nust
005
20170207154601.0
040
_c
Nust
082
_a
025.34
245
_a
Follow Me : Units : 31-38, side 1: units: 39-45, side 2
505
_a
Almirah No.73 shelf No.6
650
_a
English learning
651
_a
Follow Me
999
_c
198599
_d
198599